Los orígenes de la vida (Registro nro. 33497)

Detalles MARC
000 -CABECERA
Longitud fija campo de control 00707nam a2200241 a 4500
003 - • IDENTIFICADOR DELl NÚMERO DE CONTROL
Identificador del número de control CO-ViMGA
008 - • CÓDIGOS DE INFORMACIÓN DE LONGITUD FIJA
Códigos de información de longitud fija 141112s2004 ck r 000 u spa d
020 ## - • NÚMERO INTERNACIONAL NORMALIZADO PARA LIBROS
Número Internacional Normalizado para Libros (ISBN) 9806437314
040 ## - FUENTE DE LA CATALOGACIÓN
Centro catalogador de origen CO-ViMGA
Lengua de catalogación spa
Centro transcriptor CO-ViMGA
041 ## - • CÓDIGO DE LENGUA
Código de lengua del texto/banda sonora o título independiente spa fre
082 04 - • NÚMERO DE LA CLASIFICACIÓN DECIMAL DEWEY
Número de clasificación (R) 577 O63
245 10 - • TITULO PROPIAMENTE DICHO
Título Los orígenes de la vida
246 ## - • VARIANTES DE TÍTULO
Título propio / Título en breve Los orígenes de la vida : experimentos fáciles y divertidos
300 ## - • DESCRIPCIÓN FÍSICA
Extensión 83 p. : il. ; 18 cm
490 ## - • MENCIÓN DE SERIE
Mención de serie Ciencia de bolsillo. Los pequeños científicos ; 7
500 ## - • NOTA GENERAL
Nota general 8 a 12 años
521 ## - • NOTA DE PÚBLICO DESTINATARIO
Nota público destinatario (R ) 8 - 12 años.
650 14 - • PUNTO DE ACCESO ADICIONAL DE MATERIA - TÉRMINO DE MATERIA
Término de materia o nombre geográfico como elemento inicial Origen de la vida - Experimentos
917 ## -
-- 1648 20050418
942 ## - ENTRADA DE ELEMENTOS AGREGADOS (KOHA)
Fuente de clasificaión o esquema Dewey Decimal Classification
Koha [por defecto] tipo de item LIbro
Existencias
Perdido Fuente de clasificación o esquema Estado Físico No para préstamo Forma de adquisición Localización permanente Localización actual Fecha adquisición Serie de enumeración / cronolog&íacute;a Préstamos totales Signatura completa Código de barras Fecha última consulta Número de copia Fecha del precio de reemplazo Tipo de item de Koha
  Dewey Decimal Classification     Sala General Segundo Piso Biblioteca Pública Germán Arciniegas - Villavicencio Biblioteca Pública Germán Arciniegas - Villavicencio 12/04/2015 23/feb/2015   577 O63 28284 12/04/2015 Ej. 1 12/04/2015 LIbro









Instituto Departamental de Cultura del Meta - Red Departamental de Bibliotecas Públicas del Meta.